Educación sexual y valores: cuaderno de trabajo para estudiantes (Registro nro. 5641)
[ vista simple ]
| 000 -Cabecera | |
|---|---|
| Campo de control de longitud fija | 00669ata a2200241 4500 |
| 005 - Fecha y hora de la última transacción | |
| Campo de control | 20241206135924.0 |
| 008 - Elementos de longitud fija--Información general | |
| Campo de control de longitud fija | 150519b2000 mx ||||| |||| 00| 0 spa d |
| 020 ## - International Standard Book Number | |
| Número Internacional Estándar del Libro (ISBN) | 9681861191 |
| 041 ## - Idioma | |
| Código de idioma | Español |
| 082 ## - Clasificación Decimal Dewey | |
| Número de clasificación | 612.6 C691ed |
| 100 ## - Entrada principal--Autor personal | |
| Nombre personal | Colegio Nacional de Educación Profesional técnica |
| 245 ## - Título propiamente dicho | |
| Título | Educación sexual y valores: cuaderno de trabajo para estudiantes |
| 260 ## - Pie de imprenta | |
| Lugar de publicación, distribución, etc. | México |
| 260 ## - Pie de imprenta | |
| Nombre del editor, distribuidor, etc. | Editorial Limusa |
| 260 ## - Pie de imprenta | |
| Fecha de publicación, distribución, etc. | 2000 |
| 300 ## - Descripción física | |
| Extensión | 146 páginas |
| 650 ## - Materia general | |
| Temática (materia general) | SEXUALIDAD |
| 650 ## - Materia general | |
| Temática (materia general) | EDUCACIÓN SEXUAL |
| 650 ## - Materia general | |
| Temática (materia general) | ADOLESCENCIA |
| 650 ## - Materia general | |
| Temática (materia general) | SALUD REPRODUCTIVA |
| 650 ## - Materia general | |
| Temática (materia general) | ENFERMEDADES DE TRANSMISIÓN SEXUAL |
| 942 ## - Punto de acceso adicional KOHA | |
| Tipo de ítem KOHA | Libro |
| Fuente del sistema de clasificación o colocación | Dewey Decimal Classification |
| Signatura completa | Código de barras | Tipo de ítem |
|---|---|---|
| 612.6 C691ed | 9500 | Libro |